Divulging immuno-modulatory role of vitamins, prebiotics and tryptophan in host microbes interaction (Record no. 393552)
[ view plain ]
| 000 -LEADER | |
|---|---|
| fixed length control field | 00536nam a2200181 4500 |
| 005 - DATE & TIME | |
| control field | 20250926122752.0 |
| 008 - FIXED-LENGTH DATA ELEMENTS--GENERAL INFORMATION | |
| fixed length control field | 250926b |||||||| |||| 00| 0 eng d |
| 040 ## - CATALOGING SOURCE | |
| Original cataloging agency | VIVEKANANDA LIBRARY |
| 082 ## - DDC NUMBER | |
| Classification number | 572.58 |
| Book Number | T179D |
| 100 ## - MAIN ENTRY--PERSONAL NAME | |
| Personal name | Tarun Kumar |
| 245 ## - TITLE STATEMENT | |
| Title | Divulging immuno-modulatory role of vitamins, prebiotics and tryptophan in host microbes interaction |
| 260 ## - PUBLICATION, DISTRIBUTION, ETC. (IMPRINT) | |
| Name of publisher, distributor, etc | Department of Biochemistry, M D University, Rohtak |
| Date of publication, distribution, etc | 2024 |
| 300 ## - PHYSICAL DESCRIPTION | |
| Pages | 215 |
| 650 ## - Subject | |
| Subject | Biochemistry |
| 650 ## - Subject | |
| Subject | Vitamins |
| 700 ## - Added Entry Personal Name | |
| Added Entry Personal Name | Chauhan, Nar Singh |
| 942 ## - ADDED ENTRY ELEMENTS (KOHA) | |
| Koha item type | Thesis |
| Withdrawn status | Lost status | Source of classification or shelving scheme | Damaged status | Not for loan | Location (home branch) | Sublocation or collection (holding branch) | Shelving location | Date acquired | Koha issues (times borrowed) | Koha full call number | Accession No. | Koha date last seen | Copy number | Koha item type |
|---|---|---|---|---|---|---|---|---|---|---|---|---|---|---|
| Dewey Decimal Classification | VIVEKANANDA LIBRARY | VIVEKANANDA LIBRARY | Vivekananda Library | 26/09/2025 | 572.58 T179D | 411195 | 26/09/2025 | R | Thesis |
